Generating software from specifications / (Record no. 347)
[ view plain ]
| 000 -LEADER | |
|---|---|
| fixed length control field | 01149cam a22003134a 4500 |
| 001 - CONTROL NUMBER | |
| control field | 347 |
| 003 - CONTROL NUMBER IDENTIFIER | |
| rucl marc code | BD-RjUL |
| 005 - DATE AND TIME OF LATEST TRANSACTION | |
| control field | 20211208233149.0 |
| 008 - FIXED-LENGTH DATA ELEMENTS--GENERAL INFORMATION | |
| fixed length control field | 131117s2008 ii a b 001 0 eng d |
| 020 ## - INTERNATIONAL STANDARD BOOK NUMBER | |
| International Standard Book Number | 813090974X |
| International Standard Book Number | 9788130909745 |
| 035 ## - SYSTEM CONTROL NUMBER | |
| System control number | (BD-RjUL)364 |
| -- | (OCoLC)ocm65197881 |
| 040 ## - CATALOGING SOURCE | |
| Original cataloging agency | DLC |
| Transcribing agency | DLC |
| Modifying agency | BD-RjUL |
| Language of cataloging | eng |
| 041 ## - LANGUAGE CODE | |
| Language code of text/sound track or separate title | eng |
| 082 00 - DEWEY DECIMAL CLASSIFICATION NUMBER | |
| Classification number | 005.1 |
| Edition number | 22 |
| Author mark and year | KAG 2008 |
| 100 1# - MAIN ENTRY--PERSONAL NAME | |
| Personal name | Kastens, Uwe. |
| 9 (RLIN) | 1104 |
| 245 10 - TITLE STATEMENT | |
| Title | Generating software from specifications / |
| Statement of responsibility, etc. | Uwe Kastens, Anthony M. Sloane, William M. Waite. |
| 260 ## - PUBLICATION, DISTRIBUTION, ETC. (IMPRINT) | |
| Place of publication, distribution, etc. | New Delhi ; |
| -- | mumbai : |
| Name of publisher, distributor, etc. | Jones and Bartlett Publishers; Viva Books, |
| Date of publication, distribution, etc. | 2008 |
| 300 ## - PHYSICAL DESCRIPTION | |
| Pagination | xi, 413 p. : |
| Illustrations | ill. ; |
| Size | 24 cm. |
| 504 ## - BIBLIOGRAPHY, ETC. NOTE | |
| Bibliography, etc | Includes bibliographical references and index. |
| 650 #0 - SUBJECT ADDED ENTRY--TOPICAL TERM | |
| Topical term or geographic name as entry element | Computer software |
| General subdivision | Development. |
| 9 (RLIN) | 954 |
| Topical term or geographic name as entry element | Computer software |
| Form subdivision | Specifications. |
| 9 (RLIN) | 1105 |
| 700 1# - ADDED ENTRY--PERSONAL NAME | |
| Personal name | Waite, W. M. |
| Fuller form of name | (William McCastline) |
| Personal name | Sloane, Anthony M. |
| 856 42 - ELECTRONIC LOCATION AND ACCESS | |
| Materials specified | WorldCat Details |
| Uniform Resource Identifier | <a href="http://www.worldcat.org/title/generating-software-from-specifications/oclc/65197881&referer=brief_results">http://www.worldcat.org/title/generating-software-from-specifications/oclc/65197881&referer=brief_results</a> |
| 942 ## - ADDED ENTRY ELEMENTS (KOHA) | |
| Source of classification or shelving scheme | Dewey Decimal Classification |
| Koha item type | Books |
| Lost status | Source of classification or shelving scheme | Damaged status | Not for loan | Collection code | Permanent Location | Current Location | Shelving location | Date acquired | Source of acquisition | Cost, normal purchase price | Total Checkouts | Full call number | Date last seen | Copy number | Koha item type |
|---|---|---|---|---|---|---|---|---|---|---|---|---|---|---|---|
| Dewey Decimal Classification | Non-fiction | Central Library, University of Rajshahi | Central Library, University of Rajshahi | 04/07/2009 | Dhaka, Ahsania Mission Book | 2058.00 | 005.1 KAG 2008 | 17/11/2013 | C-3 | Books | |||||
| Dewey Decimal Classification | Non-fiction | Central Library, University of Rajshahi | Central Library, University of Rajshahi | 04/07/2009 | Dhaka, Ahsania Mission Book | 2058.00 | 005.1 KAG 2008 | 17/11/2013 | C-4 | Books | |||||
| Dewey Decimal Classification | Non-fiction | Central Library, University of Rajshahi | Central Library, University of Rajshahi | 04/07/2009 | Dhaka, Ahsonia mission Book House, | 2058.00 | 005.1 KAG 2008 | 13/11/2016 | C-2 | Books | |||||
| Dewey Decimal Classification | Not For Loan | Non-fiction | Central Library, University of Rajshahi | Central Library, University of Rajshahi | Reading Room | 04/07/2009 | Dhaka, Associated Business Corporation. | 2058.00 | 005.1 KAG 2008 | 20/03/2017 | C-1 | Books |